Catálogo
 En Linea

La Biblioteca de Castilla-La Mancha. / (Registro nro. 42176)

Detalles MARC
000 -CABECERA
campo de control de longitud fija 00752nam a2200169 a 4500
001 - NÚMERO DE CONTROL
campo de control 000042687
005 - FECHA Y HORA DE LA ÚLTIMA TRANSACCIÓN
campo de control 20250403134617.0
008 - DATOS DE LONGITUD FIJA--INFORMACIÓN GENERAL
campo de control de longitud fija 140205s1998 sp ac 000 0 spa d
020 ## - NÚMERO INTERNACIONAL ESTÁNDAR DEL LIBRO
Número Internacional Estándar del Libro 8477881987
040 ## - FUENTE DE LA CATALOGACIÓN
Centro catalogador/agencia de origen DO-SdBNP
Lengua de catalogación spa
Centro/agencia transcriptor BNPHU
245 03 - MENCIÓN DE TÍTULO
Título La Biblioteca de Castilla-La Mancha. /
Mención de responsabilidad, etc. textos Dirección General de Cultura; fotos Carlos González Arredondo, José María Moreno Santiago.
260 ## - PUBLICACIÓN, DISTRIBUCIÓN, ETC.
Lugar de publicación, distribución, etc. [España], :
Nombre del editor, distribuidor, etc. Consejería de Educación y Cultura
-- Fundación de Bienes Culturales de Castilla-La Mancha,
Fecha de publicación, distribución, etc. 1998.
300 ## - DESCRIPCIÓN FÍSICA
Extensión 133 p. :
Otras características físicas il., retrs. ;
Dimensiones 33 cm.
710 12 - PUNTO DE ACCESO ADICIONAL--NOMBRE DE ENTIDAD CORPORATIVA
Nombre de entidad corporativa o nombre de jurisdicción como elemento de entrada República Dominicana.
Unidad subordinada Dirección General de Cultura.
9 (RLIN) 69989
700 12 - PUNTO DE ACCESO ADICIONAL--NOMBRE DE PERSONA
Nombre de persona González Arredondo, Carlos
Término indicativo de función/relación fot.
9 (RLIN) 69990
700 12 - PUNTO DE ACCESO ADICIONAL--NOMBRE DE PERSONA
Nombre de persona Moreno Santiago, José María
Término indicativo de función/relación fot.
9 (RLIN) 69991
Existencias
Estado de retiro Estado de pérdida Restricciones de uso No para préstamo Código de colección Localización permanente Ubicación/localización actual Ubicación en estantería Fecha de adquisición Número de inventario Total de préstamos Signatura topográfica completa Código de barras Fecha visto por última vez Precio válido a partir de Tipo de ítem Koha
      Excluido de préstamo Monografías: Libros y Folletos General General En catalogación 05.02.2014 LF1   42687-10 25.06.2020 25.06.2020 No se presta

Con tecnología Koha